Minorities in the Ottoman Empire

Αποθηκεύτηκε σε:
Λεπτομέρειες βιβλιογραφικής εγγραφής
Άλλοι συγγραφείς: Greene, Molly 1959- (Επιμελητής έκδοσης)
Μορφή: Βιβλίο
Γλώσσα:English
Δημοσίευση: Princeton, N.J. : Markus Wiener Publishers, 2005
Θέματα:
Ετικέτες: Προσθήκη ετικέτας
Δεν υπάρχουν, Καταχωρήστε ετικέτα πρώτοι!

MARC

LEADER 00000nam a2200000 i 4500
001 1/24357
008 060215s2005 eng d
020 |a 1-55876-228-0 
035 |l 10082652 
040 |a GR-MY-UA  |b gre  |e aacr 
041 0 |a eng 
082 0 |a 956.101508693  |2 (22) 
245 1 0 |a Minorities in the Ottoman Empire /  |c edited by Molly Greene 
260 |a Princeton, N.J. :   |b Markus Wiener Publishers,   |c 2005 
300 |a 144 σ.;  |b πιν., διαγρ.;  |c 20 εκ. 
504 |a Περιέχει βιβλιογραφία 
650 0 0 |a Minorities  |z Turkey  |x History  |y 18th century. 
650 0 0 |a Minorities  |z Turkey  |y 19th century. 
651 0 |a Turkey  |x History  |y 18th century. 
651 0 |a Turkey  |x History  |y 19th century. 
700 1 |a Greene, Molly  |d 1959-  |4 edt 
852 |a INST  |b LESVOS  |e 20060215  |h 956.101508693 MIN  |p 005100034159  |q 005100034159  |t BK  |y 0 
901 |a BIBL1-2006-1 
909 |a Λ  |b 125639 
920 |a ΕΠΕΑΕΚ ΠΜΣ ΓΥΝΑΙΚΕΣ KAI ΦΥΛΑ  |y ΛΕΣΒΟΣ  |z 2006-01 
970 |a ΚΑΡΑ  |b ΓΙΑΣΕΜΗ  |z 2006/02/15